Actas do Congreso do Centenario de Hildegart Rodríguez Carballeira (1914-1933), Ferrol, 5 a 8 de decembro de 2014, Ateneo Ferrolán / (Record no. 189030)
[ view plain ]
| 000 -LEADER | |
|---|---|
| campo de control de longitud fija | 01391nam a2200289 i 4500 |
| 001 - NÚMERO DE CONTROL | |
| campo de control | 189030 |
| 003 - IDENTIFICADOR DE NÚMERO DE CONTROL | |
| campo de control | ES-MaACL |
| 005 - FECHA Y HORA DE LA ÚLTIMA TRANSACCIÓN | |
| campo de control | 20250901042158.0 |
| 008 - DATOS DE LONGITUD FIJA--INFORMACIÓN GENERAL | |
| campo de control de longitud fija | 190322s2017 sp ac |||| |dglg |
| 080 ## - NÚMERO DE LA CLASIFICACIÓN DECIMAL UNIVERSAL | |
| Número de la Clasificación Decimal Universal | 32 Hildegart (062.552) |
| 111 2# - ENTRADA PRINCIPAL--NOMBRE DE CONGRESO/REUNIÓN | |
| Nombre de congreso/reunión o jurisdicción como elemento de entrada | Congreso do Centenario de Hildegart Rodríguez Carballeira (1914-1933) ( |
| Fecha del congreso o de la firma del tratado | 2014. |
| Sede del congreso/Lugar de la reunión | Ferrol) |
| 9 (RLIN) | 166651 |
| 245 10 - MENCIÓN DEL TÍTULO | |
| Título | Actas do Congreso do Centenario de Hildegart Rodríguez Carballeira (1914-1933), Ferrol, 5 a 8 de decembro de 2014, Ateneo Ferrolán / |
| Mención de responsabilidad, etc. | edición coordenada por Eliseo Fernández. |
| 260 ## - PUBLICACIÓN, DISTRIBUCIÓN, ETC. | |
| Lugar de publicación, distribución, etc. | [A Coruña] : |
| Nombre del editor, distribuidor, etc. | Deputación Provincial da Coruña, |
| Fecha de publicación, distribución, etc. | [2017] |
| 300 ## - DESCRIPCIÓN FÍSICA | |
| Extensión | 352 p. : |
| Otras características físicas | il. col. y n., retr. ; |
| Dimensiones | 24 cm. |
| 500 ## - NOTA GENERAL | |
| Nota general | Cronología. |
| 504 ## - NOTA DE BIBLIOGRAFÍA, ETC. | |
| Nota de bibliografía, etc. | Referencias bibliográficas. |
| 600 07 - PUNTO DE ACCESO ADICIONAL DE MATERIA--NOMBRE DE PERSONA | |
| Nombre de persona | Hildegart, |
| Fechas asociadas al nombre | 1914-1933- |
| Subdivisión de forma | Congresos y asambleas |
| 9 (RLIN) | 166652 |
| 650 #7 - PUNTO DE ACCESO ADICIONAL DE MATERIA--TÉRMINO DE MATERIA | |
| Término de materia o nombre geográfico como elemento de entrada | Mujeres en la política- |
| Subdivisión geográfica | España- |
| Subdivisión de forma | Congresos y asambleas |
| 9 (RLIN) | 166653 |
| 650 #7 - PUNTO DE ACCESO ADICIONAL DE MATERIA--TÉRMINO DE MATERIA | |
| Término de materia o nombre geográfico como elemento de entrada | Feminismo- |
| Subdivisión geográfica | España- |
| Subdivisión de forma | Congresos y asambleas |
| Fuente del encabezamiento o término | |
| 9 (RLIN) | 142932 |
| 700 1# - ENTRADA AGREGADA--NOMBRE PERSONAL | |
| Nombre de persona | Fernández Fernández, Eliseo, |
| Fechas asociadas al nombre | 1967- |
| 9 (RLIN) | 166654 |
| 710 2# - ENTRADA AGREGADA--NOMBRE DE ENTIDAD CORPORATIVA | |
| Nombre de entidad corporativa o nombre de jurisdicción como elemento de entrada | Ateneo Ferrolán. |
| 9 (RLIN) | 2041 |
| 852 4# - LOCALIZACIÓN | |
| Ubicación | ES-MaACL |
| Número de control de estantería | A-14420 |
| itemnumber | 196166 |
| Sublocalización o colección | R.151754 |
| Ubicación en estantería | Depósito 1 |
| Signatura antigua | Olim: N-7420 |
| Anotaciones manuscritas | Dedicatoria autógrafa de Eliseo Fernandez |
| Donativo/Legado | Donación: Eliseo Fernandez |
| 903 ## - NOMBRE PERSONAL DE DONANTE | |
| a | Fernández Fernández, Eliseo, |
| d | 1967- |
| e | Donante |
| 9 | 166654 |
| 942 ## - ELEMENTOS DE ENTRADA SECUNDARIOS (KOHA) | |
| Fuente del sistema de clasificación o colocación | Clasificación decimal universal |
| Tipo de ítem Koha | Libro impreso |
| Estatus retirado | Estado de pérdida | Fuente del sistema de clasificación o colocación | Estado de daño | No para préstamo | Colección | Biblioteca de origen | Biblioteca actual | Ubicación en estantería | Fecha de adquisición | Fuente de adquisición | Total de préstamos | Signatura topográfica completa | Código de barras | Visto por última vez | Precio de reemplazo | Tipo de ítem Koha | Nota pública |
|---|---|---|---|---|---|---|---|---|---|---|---|---|---|---|---|---|---|
| Clasificación decimal universal | Libros con dedicatorias | Biblioteca del Ateneo de Madrid | Biblioteca del Ateneo de Madrid | Depósito 1 | 22/03/2019 | Donación | A-14420 | 1200199 | 23/02/2023 | 23/02/2023 | Libro impreso | Dedicatoria autógrafa de Eliseo Fernandez |
